[Event "POL-ch Blitz U18 Girls"]
[Site "Bydgoszcz"]
[Date "2023.08.31"]
[Round "7"]
[White "Palejko, Gabriela"]
[Black "Klintsevich, Aliaksandra"]
[Result "0-1"]
[WhiteElo "1370"]
[BlackElo "1592"]
[PlyCount "114"]
[EventDate "2023.08.28"]
[EventType "swiss"]
[EventRounds "9"]
[EventCountry "POL"]
[SourceTitle "EXT 2024"]
[Source "ChessBase"]
[SourceDate "2023.10.10"]
[SourceVersion "1"]
[SourceVersionDate "2023.10.10"]
[SourceQuality "1"]

1. e4 Nc6 2. d4 d5 3. e5 f6 4. exf6 Nxf6 5. Nf3 Bg4 6. Be2 e6 7. h3 Bh5 8. 0-0 Bd6 9. Bg5 0-0 10. c3 h6 11. Be3 e5 12. dxe5 Nxe5 13. Nxe5 Bxe2 14. Qxe2 Bxe5 15. Bxh6 Bxc3 16. Bxg7 Kxg7 17. Nxc3 c6 18. Rad1 Qd7 19. Qd3 Rae8 20. Rfe1 Kh8 21. Qd4 Qg7 22. Qh4+ Nh7 23. Qh5 Rxe1+ 24. Rxe1 Rg8 25. g3 a6 26. Re6 d4 27. Ne4 Rf8 28. Rh6 Rf7 29. Nd6 Rd7 30. Ne8 Qe7 31. Rxh7+ Qxh7 32. Qxh7+ Rxh7 33. Kg2 Rh6 34. h4 d3 35. Kf3 Re6 36. Nc7 d2 37. Nxe6 d1Q+ 38. Kf4 Qd2+ 39. Kg4 Qxb2 40. f4 Qxa2 41. f5 Qc4+ 42. Kg5 a5 43. h5 Qd5 44. g4 a4 45. Kg6 Qd7 46. Nf8 Qd6+ 47. Kf7 Qd5+ 48. Ke7 a3 49. Ng6+ Kh7 50. f6 Qe4+ 51. Kf8 a2 52. f7 a1Q 53. Ne7 Qh8+ 54. Ng8 Qb4+ 55. Ke8 Qe5+ 56. Kd8 Qbd6+ 57. Kc8 Qc7# 0-1

[Event "POL-ch Rapid U18 Girls"]
[Site "Bydgoszcz"]
[Date "2023.08.30"]
[Round "8"]
[White "Konkol, Sandra"]
[Black "Klintsevich, Aliaksandra"]
[Result "0-1"]
[WhiteElo "1618"]
[BlackElo "1641"]
[PlyCount "74"]
[EventDate "2023.08.28"]
[EventType "swiss"]
[EventRounds "11"]
[EventCountry "POL"]
[SourceTitle "EXT 2024"]
[Source "ChessBase"]
[SourceDate "2023.10.10"]
[SourceVersion "1"]
[SourceVersionDate "2023.10.10"]
[SourceQuality "1"]

1. c4 c6 2. e4 d5 3. exd5 cxd5 4. d4 Nf6 5. Nc3 e6 6. Bg5 Be7 7. g3 Nc6 8. Bg2 dxc4 9. Nge2 0-0 10. 0-0 Qb6 11. Bxf6 Bxf6 12. d5 exd5 13. Nxd5 Qxb2 14. Rb1 Qe5 15. f4 Qd6 16. Nec3 Bxc3 17. Nxc3 Qxd1 18. Rfxd1 Bg4 19. Rd6 Rab8 20. Bxc6 bxc6 21. Rxb8 Rxb8 22. Rxc6 Be6 23. Rc7 Ra8 24. Nb5 a6 25. Nd6 Rd8 26. Nxc4 Rd1+ 27. Kf2 Rc1 28. Ra7 Rxc4 29. Rxa6 Rc2+ 30. Ke3 Rxa2 31. Rd6 g6 32. h4 Bg4 33. Rb6 Rg2 34. Ke4 Rxg3 35. Ke5 Re3+ 36. Kd4 Rh3 37. Ke5 Kg7 0-1

[Event "Wroclaw Anderssen Memorial op-B"]
[Site "Wroclaw"]
[Date "2023.??.??"]
[Round "6"]
[White "Klintsevich, Aliaksandra"]
[Black "Gajec, Roza"]
[Result "1/2-1/2"]
[WhiteElo "1592"]
[BlackElo "1414"]
[PlyCount "85"]
[EventDate "2023.08.06"]
[EventType "swiss"]
[EventRounds "9"]
[EventCountry "POL"]
[SourceTitle "EXT 2024"]
[Source "ChessBase"]
[SourceDate "2023.10.10"]
[SourceVersion "1"]
[SourceVersionDate "2023.10.10"]
[SourceQuality "1"]

1. d4 Nf6 2. c4 e6 3. Nc3 Bb4 4. e3 0-0 5. Bd3 b6 6. Nge2 Bb7 7. 0-0 d5 8. cxd5 exd5 9. Bd2 Nbd7 10. Rc1 c5 11. a3 Bxc3 12. Bxc3 Ne4 13. dxc5 Nxc3 14. Nxc3 Nxc5 15. Be2 Rc8 16. Bf3 Ne4 17. Qd4 Rc4 18. Qd1 Nxc3 19. Rxc3 Rxc3 20. bxc3 Qe7 21. Qa4 Ba8 22. Rd1 Rc8 23. Qb3 Rc5 24. Bxd5 Bxd5 25. Rxd5 Rxd5 26. Qxd5 h6 27. Qb3 Qd6 28. h3 Qd2 29. g3 Qd7 30. h4 Qc6 31. c4 Qd6 32. Qc3 Qd1+ 33. Kg2 Qd6 34. Kh2 Qc5 35. Qd3 Qe7 36. a4 Qf6 37. Qd2 Qe6 38. Qd8+ Kh7 39. Qc7 a6 40. a5 Qf5 41. Qf4 Qxf4 42. exf4 bxa5 43. g4 1/2-1/2

[Event "Wroclaw Anderssen Memorial"]
[Site "Wroclaw"]
[Date "2022.07.30"]
[Round "1"]
[White "Dobrowolski, Aleksander"]
[Black "Klintsevich, Aliaksandra"]
[Result "1-0"]
[WhiteElo "2219"]
[BlackElo "1428"]
[PlyCount "61"]
[EventDate "2022.07.30"]
[EventType "swiss (rapid)"]
[EventRounds "9"]
[EventCountry "POL"]
[SourceTitle "CBM 209 Extra"]
[Source "ChessBase"]
[SourceDate "2022.09.30"]
[SourceVersion "1"]
[SourceVersionDate "2022.09.30"]
[SourceQuality "1"]

1. e4 c5 2. Nf3 Nc6 3. d4 cxd4 4. Nxd4 g6 5. Nc3 Bg7 6. Be3 Nf6 7. Bc4 0-0 8. Bb3 d6 9. f3 Bd7 10. Qd2 Rc8 11. 0-0-0 a6 12. h4 h5 13. g4 Ne5 14. Bh6 b5 15. gxh5 Nxh5 16. Bxg7 Kxg7 17. Rdg1 a5 18. f4 Nc4 19. Bxc4 bxc4 20. f5 Kh7 21. Qg5 Rg8 22. Nd5 f6 23. fxg6+ Kg7 24. Qxh5 Rh8 25. Nf5+ Bxf5 26. Qxf5 Rb8 27. Qe6 Rb7 28. Qf7+ Kh6 29. g7 Qe8 30. Rg6+ Kh7 31. g8B# 1-0

[Event "Wroclaw Anderssen Memorial"]
[Site "Wroclaw"]
[Date "2022.07.30"]
[Round "9"]
[White "Klintsevich, Aliaksandra"]
[Black "Krawiec, Grzegorz"]
[Result "1-0"]
[WhiteElo "1428"]
[BlackElo "1760"]
[PlyCount "57"]
[EventDate "2022.07.30"]
[EventType "swiss (rapid)"]
[EventRounds "9"]
[EventCountry "POL"]
[SourceTitle "CBM 209 Extra"]
[Source "ChessBase"]
[SourceDate "2022.09.30"]
[SourceVersion "1"]
[SourceVersionDate "2022.09.30"]
[SourceQuality "1"]

1. d4 Nf6 2. c4 e6 3. Nc3 Bb4 4. Bg5 c5 5. d5 exd5 6. cxd5 d6 7. Nf3 Bf5 8. e3 Nbd7 9. Be2 Qa5 10. Rc1 Qxa2 11. 0-0 Bxc3 12. bxc3 Qxd5 13. Qxd5 Nxd5 14. Rfd1 N7b6 15. c4 Nb4 16. Rxd6 0-0 17. Rcd1 Be6 18. Nd2 h6 19. Bh4 g5 20. Bg3 Nc8 21. Rxe6 fxe6 22. Ne4 b6 23. Rd7 Rf7 24. Rd8+ Rf8 25. Rd7 a5 26. Be5 Rf7 27. Rd8+ Kh7 28. Bh5 Rg7 29. Nf6# 1-0

[Event "Wroclaw Anderssen Memorial"]
[Site "Wroclaw"]
[Date "2021.07.31"]
[Round "9"]
[White "Klintsevich, Aliaksandra"]
[Black "Ilnicki, Tomasz"]
[Result "0-1"]
[WhiteElo "1204"]
[BlackElo "1607"]
[PlyCount "118"]
[EventDate "2021.07.31"]
[EventType "swiss (rapid)"]
[EventRounds "9"]
[EventCountry "POL"]
[SourceTitle "CBM 203 Extra"]
[Source "ChessBase"]
[SourceDate "2021.09.30"]
[SourceVersion "1"]
[SourceVersionDate "2021.09.30"]
[SourceQuality "1"]

1. d4 Nf6 2. c4 c5 3. d5 b5 4. cxb5 a6 5. Nc3 g6 6. e4 d6 7. Nf3 Bg7 8. Bd3 axb5 9. Bxb5+ Nbd7 10. 0-0 0-0 11. Bd2 Ba6 12. Bxa6 Rxa6 13. Qe2 Qb6 14. Be3 Ng4 15. Nd2 Nxe3 16. fxe3 Ra7 17. Nc4 Qb4 18. a3 Qb3 19. Rac1 Ne5 20. Nxe5 Bxe5 21. Qd2 Rb7 22. Rf2 Rfb8 23. Rc2 Bxc3 24. Qxc3 Qxc3 25. bxc3 Rb1+ 26. Rf1 Rxf1+ 27. Kxf1 Rb1+ 28. Ke2 Ra1 29. Rb2 Rxa3 30. Kd2 Kg7 31. Kd3 Ra1 32. Rd2 Rf1 33. h3 Kf6 34. Ke2 Rc1 35. Kd3 Ke5 36. Rf2 f6 37. Rd2 Ra1 38. Ke2 Ra4 39. Kd3 Rxe4 40. c4 f5 41. g3 e6 42. dxe6 Kxe6 43. Ke2 Rxc4 44. Ra2 h5 45. Ra7 h4 46. Rg7 Kf6 47. Rd7 Ke5 48. gxh4 Rxh4 49. Rg7 Rxh3 50. Rxg6 c4 51. Rg8 Rh2+ 52. Kd1 Ke4 53. Re8+ Kd3 54. Kc1 c3 55. Kb1 c2+ 56. Kb2 Rh1 57. Rc8 c1Q+ 58. Rxc1 Rxc1 59. Kxc1 Kxe3 0-1

[Event "Wroclaw Anderssen Memorial"]
[Site "Wroclaw"]
[Date "2021.07.31"]
[Round "2"]
[White "Srutwa, Maciej"]
[Black "Klintsevich, Aliaksandra"]
[Result "1-0"]
[WhiteElo "1858"]
[BlackElo "1204"]
[PlyCount "87"]
[EventDate "2021.07.31"]
[EventType "swiss (rapid)"]
[EventRounds "9"]
[EventCountry "POL"]
[SourceTitle "CBM 203 Extra"]
[Source "ChessBase"]
[SourceDate "2021.09.30"]
[SourceVersion "1"]
[SourceVersionDate "2021.09.30"]
[SourceQuality "1"]

1. e4 c5 2. Nc3 Nc6 3. g3 g6 4. Bg2 Bg7 5. d3 Nf6 6. h3 0-0 7. Be3 d6 8. Qd2 Bd7 9. Nge2 a6 10. 0-0 b5 11. Bh6 b4 12. Nd1 e5 13. Bxg7 Kxg7 14. f4 Qb6 15. Kh2 Ne7 16. Ne3 Be6 17. f5 Bd7 18. g4 h6 19. Nc4 Qc7 20. Ng3 g5 21. Rh1 Rh8 22. Bf3 Rag8 23. Kg2 Kf8 24. h4 Nh7 25. Rh2 Nc6 26. c3 bxc3 27. bxc3 f6 28. Rah1 Kg7 29. hxg5 Nxg5 30. Nh5+ Kf7 31. Nxf6 Kxf6 32. Rxh6+ Rxh6 33. Rxh6+ Ke7 34. Nxd6 Be8 35. Qf2 Kd8 36. Qxc5 Ne7 37. Qxc7+ Kxc7 38. Nxe8+ Rxe8 39. Rxa6 Rd8 40. Ra7+ Kd6 41. d4 exd4 42. cxd4 Nxf3 43. Kxf3 Nc6 44. Ra6 1-0

[Event "POL-ch U12 Girls"]
[Site "Uniejow"]
[Date "2021.07.24"]
[Round "8"]
[White "Smietanska, Wiktoria"]
[Black "Klintsevich, Aliaksandra"]
[Result "1-0"]
[WhiteElo "1819"]
[BlackElo "1204"]
[PlyCount "65"]
[EventDate "2021.07.18"]
[EventType "swiss"]
[EventRounds "9"]
[EventCountry "POL"]
[SourceTitle "EXT 2022"]
[Source "ChessBase"]
[SourceDate "2021.10.06"]
[SourceVersion "1"]
[SourceVersionDate "2021.10.06"]
[SourceQuality "1"]

1. e4 c5 2. Nf3 Nc6 3. d4 cxd4 4. Nxd4 g6 5. c4 Bg7 6. Be3 Nf6 7. Nc3 Ng4 8. Qxg4 Nxd4 9. Qd1 Ne6 10. Qd2 0-0 11. Be2 b6 12. 0-0 Bb7 13. f3 d6 14. Rad1 Rc8 15. Nd5 Qd7 16. b3 Rfd8 17. Kh1 Nc7 18. Bg5 Nxd5 19. exd5 Re8 20. f4 f5 21. a4 Ba6 22. Bf3 Kh8 23. Rfe1 Rc7 24. Re6 Bc8 25. Rde1 Qd8 26. R6e3 Kg8 27. Qe2 Bf8 28. h3 a6 29. g4 fxg4 30. Bxg4 a5 31. Bxc8 Qxc8 32. Re6 Rd7 33. f5 1-0

[Event "POL-ch U12 Girls"]
[Site "Uniejow"]
[Date "2021.07.21"]
[Round "4"]
[White "Swiderska, Jagoda"]
[Black "Klintsevich, Aliaksandra"]
[Result "0-1"]
[WhiteElo "1127"]
[BlackElo "1204"]
[PlyCount "120"]
[EventDate "2021.07.18"]
[EventType "swiss"]
[EventRounds "9"]
[EventCountry "POL"]
[SourceTitle "EXT 2022"]
[Source "ChessBase"]
[SourceDate "2021.10.06"]
[SourceVersion "1"]
[SourceVersionDate "2021.10.06"]
[SourceQuality "1"]

1. e4 c5 2. Nf3 Nc6 3. d4 cxd4 4. Nxd4 g6 5. Nc3 Bg7 6. Be3 Nf6 7. f3 0-0 8. Bc4 Qb6 9. Qd2 Nxe4 10. Nxe4 Bxd4 11. Bxd4 Qxd4 12. Qxd4 Nxd4 13. 0-0-0 Nc6 14. h4 d6 15. h5 Kg7 16. Rdf1 Ne5 17. Bb3 Bf5 18. Ng3 Bd7 19. f4 Ng4 20. Kd2 Bc6 21. Rhg1 f5 22. Re1 e5 23. fxe5 dxe5 24. hxg6 hxg6 25. Ne2 Rh8 26. g3 Rh2 27. Kc3 a5 28. a4 Rc8 29. Kd2 Bf3 30. c3 Rd8+ 31. Kc1 Rxe2 32. Rxe2 Bxe2 33. Re1 Bf3 34. Bc2 e4 35. b4 axb4 36. cxb4 e3 37. a5 e2 38. b5 Ne3 39. Bb3 Ng2 40. Rxe2 Bxe2 41. a6 bxa6 42. b6 Bf3 43. Kc2 Rb8 44. b7 Rxb7 45. Kc3 a5 46. Ba4 Kf6 47. Kc2 Kg5 48. Kd2 Kg4 49. Be8 Rb6 50. Kd3 Kxg3 51. Ba4 f4 52. Kd2 Bc6 53. Bc2 f3 54. Bxg6 f2 55. Bd3 Bb5 56. Bxb5 Rxb5 57. Ke2 Rb1 58. Kd3 f1Q+ 59. Kd2 Rb3 60. Kc2 Qd3+ 0-1

[Event "POL-ch U12 Girls"]
[Site "Uniejow"]
[Date "2021.07.20"]
[Round "3"]
[White "Klintsevich, Aliaksandra"]
[Black "Gaszka, Zuzanna"]
[Result "0-1"]
[WhiteElo "1204"]
[BlackElo "1474"]
[PlyCount "42"]
[EventDate "2021.07.18"]
[EventType "swiss"]
[EventRounds "9"]
[EventCountry "POL"]
[SourceTitle "EXT 2022"]
[Source "ChessBase"]
[SourceDate "2021.10.06"]
[SourceVersion "1"]
[SourceVersionDate "2021.10.06"]
[SourceQuality "1"]

1. c4 g6 2. d4 Nf6 3. Nc3 Bg7 4. e4 d6 5. f4 c5 6. d5 0-0 7. Nf3 e6 8. Bd3 exd5 9. cxd5 b5 10. 0-0 c4 11. Bc2 b4 12. Ne2 Re8 13. Ng3 Ba6 14. Re1 Ng4 15. Ne2 Nd7 16. Ned4 Nc5 17. Bd2 Qb6 18. Be3 Nxe3 19. Rxe3 Nd3 20. e5 dxe5 21. fxe5 Bxe5 0-1